Triết lý trong văn hóa Phương Đông
Αποθηκεύτηκε σε:
| Κύριος συγγραφέας: | |
|---|---|
| Μορφή: | Βιβλίο |
| Γλώσσα: | Undetermined |
| Έκδοση: |
Hải Phòng
Đại học sư phạm
2004
|
| Θέματα: | |
| Ετικέτες: |
Προσθήκη ετικέτας
Δεν υπάρχουν, Καταχωρήστε ετικέτα πρώτοι!
|
| Thư viện lưu trữ: | Trung tâm Học liệu Trường Đại học Cần Thơ |
|---|
| LEADER | 00598nam a2200193Ia 4500 | ||
|---|---|---|---|
| 001 | CTU_99503 | ||
| 008 | 210402s9999 xx 000 0 und d | ||
| 020 | |c 42000 | ||
| 082 | |a 959 | ||
| 082 | |b H125 | ||
| 100 | |a Nguyễn, Hùng Hậu | ||
| 245 | 0 | |a Triết lý trong văn hóa Phương Đông | |
| 245 | 0 | |c Nguyễn Hùng Hậu | |
| 260 | |a Hải Phòng | ||
| 260 | |b Đại học sư phạm | ||
| 260 | |c 2004 | ||
| 650 | |a Civilization, oriental,Oriental literature,Philosophy, oriental | ||
| 904 | |i Tuyến | ||
| 980 | |a Trung tâm Học liệu Trường Đại học Cần Thơ | ||